[Event "Kirov Arakelian Memorial-B 5th"]
[Site "Kirov"]
[Date "2015.05.04"]
[Round "3"]
[White "Smetanin, Pavel"]
[Black "Shuljya, Alexander"]
[Result "0-1"]
[WhiteElo "1807"]
[BlackElo "1820"]
[PlyCount "258"]
[EventDate "2015.05.03"]
[EventType "tourn"]
[EventRounds "9"]
[EventCountry "RUS"]
[SourceTitle "EXT 2018"]
[Source "ChessBase"]
[SourceDate "2017.10.13"]
[SourceVersion "1"]
[SourceVersionDate "2017.10.13"]
[SourceQuality "1"]

1. e4 Nf6 2. Nc3 d5 3. e5 Nfd7 4. f4 e6 5. Nf3 c5 6. Be2 Nc6 7. 0-0 Be7 8. d3 a6 9. Qe1 Nd4 10. Nxd4 cxd4 11. Nb1 0-0 12. Nd2 Qc7 13. Bd1 f5 14. Nf3 Qb6 15. b3 h6 16. Qg3 Rf7 17. Bb2 Bc5 18. a3 a5 19. Qf2 Nb8 20. Bxd4 Bxd4 21. Qxd4 Qxd4+ 22. Nxd4 Bd7 23. a4 Na6 24. Bf3 Nb4 25. Rfd1 Rc8 26. Rac1 Na2 27. Ra1 Nc3 28. Rd2 b6 29. Kf2 Rc5 30. Rg1 Kh7 31. g4 g6 32. gxf5 gxf5 33. Ke3 Rg7 34. Rdg2 Rxg2 35. Rxg2 Rc7 36. Bh5 Bc8 37. Rg3 Na2 38. Rg6 Re7 39. Rf6 Kg7 40. Nb5 Nb4 41. Kd2 Nc6 42. c3 Bd7 43. Nd6 Nd8 44. d4 Bc6 45. Kd3 Bd7 46. Kd2 Bc6 47. Kc2 Bd7 48. Kb2 Bc6 49. Ka3 Bd7 50. b4 axb4+ 51. cxb4 Nc6 52. Nb5 Nd8 53. Nc3 Nc6 54. Ne2 Bc8 55. Kb3 Ba6 56. b5 Na5+ 57. Kc2 Bc8 58. Nc3 Rc7 59. Be2 Rf7 60. Rxf7+ Kxf7 61. Na2 Ke7 62. Kc3 Bd7 63. Kb4 Be8 64. Nc1 Kd8 65. Nb3 Nxb3 66. Kxb3 Kc7 67. Kb4 Kb7 68. a5 Kc7 69. Bf3 Bf7 70. Be2 Kb7 71. a6+ Ka7 72. Kc3 Be8 73. Kd2 Kb8 74. Ke3 Ka7 75. Kf3 Kb8 76. Kg3 Ka7 77. Kh4 Kb8 78. Bh5 Bxb5 79. Bf7 Bd7 80. Kh5 b5 81. Kxh6 b4 82. Bh5 b3 83. Bd1 b2 84. Bc2 Ka7 85. Kg5 Kxa6 86. h4 Ba4 87. Bb1 Kb5 88. h5 Kc4 89. h6 Kc3 90. h7 Bc2 91. Ba2 Bb3 92. Bb1 Bc2 93. h8Q Bxb1 94. Qh3+ Bd3 95. Qh6 b1Q 96. Qxe6 Kxd4 97. Qc6 Qb4 98. Qc1 Qe7+ 99. Kg6 Qe6+ 100. Kg5 Qg8+ 101. Kf6 Qd8+ 102. Kg6 Qb6+ 103. Kf7 Ke4 104. e6 Bb5 105. e7 Qc6 106. Qd2 d4 107. Qg2+ Kxf4 108. Qh2+ Ke4 109. Qg2+ Ke3 110. Qg1+ Kd3 111. Qf1+ Ke3 112. Qg1+ Ke2 113. Qh2+ Kf1 114. Qf4+ Kg2 115. Qxd4 Bc4+ 116. Kg7 Be6 117. Qd2+ Kg3 118. Qe3+ Kg4 119. Qg1+ Kf4 120. Qf2+ Ke5 121. Qg3+ f4 122. Qf2 Bd7 123. Qb2+ Kf5 124. Qb1+ Qe4 125. Qf1 Qe5+ 126. Kg8 Qe6+ 127. Kf8 Qf6+ 128. Kg8 Be6+ 129. Kh7 Qg6+ 0-1

[Event "Kirov Region-ch"]
[Site "Kirov"]
[Date "2014.10.14"]
[Round "5"]
[White "Smetanin, Pavel"]
[Black "Kolomiets, Vladimir"]
[Result "1-0"]
[WhiteElo "2031"]
[BlackElo "2036"]
[PlyCount "89"]
[EventDate "2014.10.10"]
[EventType "swiss"]
[EventRounds "9"]
[EventCountry "RUS"]
[SourceTitle "EXT 2018"]
[Source "ChessBase"]
[SourceDate "2017.10.13"]
[SourceVersion "1"]
[SourceVersionDate "2017.10.13"]
[SourceQuality "1"]

1. e4 c5 2. Nc3 Nc6 3. f4 g6 4. Nf3 Bg7 5. Bb5 e6 6. d3 Nge7 7. 0-0 a6 8. Bxc6 Nxc6 9. f5 b6 10. Bg5 f6 11. Be3 d6 12. Nh4 Ne5 13. d4 Nc4 14. Bc1 Qc7 15. b3 Na5 16. d5 e5 17. fxg6 hxg6 18. Nxg6 Rh7 19. Qf3 Qf7 20. Qg3 Bd7 21. Nh4 Nb7 22. Na4 Bxa4 23. bxa4 0-0-0 24. Nf5 Rdh8 25. h4 Bf8 26. Qd3 c4 27. Qxc4+ Nc5 28. Be3 Qa7 29. Rab1 Rc7 30. Qb4 Rb7 31. a5 bxa5 32. Qxa5 Rhh7 33. Qa3 Rhc7 34. Rb3 Qa8 35. Rb4 a5 36. Rc4 Qa6 37. Qc3 Nxe4 38. Rxc7+ Rxc7 39. Qb3 a4 40. Qb4 Rc4 41. Qe1 Qb7 42. Qd1 Qh7 43. Qd3 Qc7 44. Rb1 Nc3 45. Bb6 1-0

[Event "Kirov Region-ch"]
[Site "Kirov"]
[Date "2014.10.11"]
[Round "2"]
[White "Kostitsyn, Genrikh"]
[Black "Smetanin, Pavel"]
[Result "0-1"]
[WhiteElo "1914"]
[BlackElo "2031"]
[PlyCount "72"]
[EventDate "2014.10.10"]
[EventType "swiss"]
[EventRounds "9"]
[EventCountry "RUS"]
[SourceTitle "EXT 2018"]
[Source "ChessBase"]
[SourceDate "2017.10.13"]
[SourceVersion "1"]
[SourceVersionDate "2017.10.13"]
[SourceQuality "1"]

1. e4 d6 2. d4 Nf6 3. Nc3 g6 4. Be2 Bg7 5. f4 0-0 6. Nf3 c5 7. Be3 cxd4 8. Nxd4 Nc6 9. Nb3 Bd7 10. 0-0 a6 11. a4 Be6 12. Bf3 Bxb3 13. cxb3 Qa5 14. g4 Qd8 15. g5 Nd7 16. Rf2 Rc8 17. Nd5 e6 18. Nc3 Nc5 19. e5 Nb4 20. Rd2 d5 21. Rc1 Qa5 22. Nb5 Nbd3 23. Nd6 Nxc1 24. Nxc8 N1xb3 25. Nd6 Nxd2 26. Bxd2 Qxa4 27. b4 Qxd1+ 28. Bxd1 Ne4 29. Nxe4 dxe4 30. Bc2 Rd8 31. Be3 Bf8 32. Bxe4 Bxb4 33. Bxb7 a5 34. Bc6 Rd3 35. Kf2 Rc3 36. Bb5 Bc5 0-1

[Event "Kirov Chudinovskikh Memorial-B 1st"]
[Site "Kirov"]
[Date "2014.06.28"]
[Round "3"]
[White "Smetanin, Pavel"]
[Black "Dvinskikh, Leonid"]
[Result "0-1"]
[WhiteElo "2083"]
[BlackElo "2087"]
[PlyCount "40"]
[EventDate "2014.06.26"]
[EventType "tourn"]
[EventRounds "7"]
[EventCountry "RUS"]
[SourceTitle "EXT 2015"]
[Source "ChessBase"]
[SourceDate "2014.11.20"]
[SourceVersion "1"]
[SourceVersionDate "2014.11.20"]
[SourceQuality "1"]

1. e4 e5 2. Nc3 Nf6 3. g3 d5 4. exd5 Nxd5 5. Bg2 Nxc3 6. bxc3 Nc6 7. Ne2 Be6 8. 0-0 Bd5 9. d4 Bxg2 10. Kxg2 Qd5+ 11. f3 0-0-0 12. Qd3 exd4 13. c4 Qc5 14. Rb1 a6 15. Bd2 Bd6 16. Qb3 b6 17. a4 Ne5 18. a5 Nxc4 19. Bg5 Nxa5 20. Qxf7 Qxg5 0-1